El Marxismo y la emancipación de los pueblos en el Caribe

Uloženo v:
Podrobná bibliografie
Hlavní autor: Pierre Charles, Gerard
Médium: Text
Vydáno: México D.F.: Universidad Obrera de México
Tagy: Přidat tag
Žádné tagy, Buďte první, kdo vytvoří štítek k tomuto záznamu!

MARC

LEADER 00000 a a2200000 04500
001 24125
003
040
090 |a 172000  
100 |a Pierre Charles, Gerard  
245 |a El Marxismo y la emancipación de los pueblos en el Caribe  
260 |a México D.F.:   |b Universidad Obrera de México  
300 |a 30 p.   |b fonodiscos  
999 |c 15837  |d 15837